Polscy bohaterowie i patrioci po 1918 - Statystyki

Ogólne statystyki
  • Ten quiz został rozwiązany 119 razy
  • Średni wynik to 7 z 28
Statystyki odpowiedzi
Obrazkowy Odpowiedź % Poprawnych
Józef Piłsudski
99%
Witold Pilecki
73%
Władysław Anders
66%
Wojtek
55%
Józef Haller
47%
Władysław Sikorski
45%
Irena Sendlerowa
41%
Stanisław Maczek
40%
Ignacy Mościcki
33%
Jan Bytnar
30%
Tadeusz Rozwadowski
22%
Stanisław Sosabowski
20%
Józef Beck
19%
Kazimierz Sosnkowski
15%
Jan Zumbach
14%
Marian Rejewski
12%
Józef Unrug
10%
Stefan Rowecki
8%
Tadeusz Kutrzeba
8%
Michał Rola-Żymierski
7%
Franciszek Kleeberg
6%
August Emil Fieldorf
5%
Edward Śmigły-Rydz
5%
Juliusz Rómmel
3%
Władysław Raginis
3%
Franciszek Dąbrowski
2%
Henryk Sławik
1%
Karol Estreicher
0%
Nie znaleziono quizów pasujących do podanych kryteriów
Rozkład punktacji
Procent ludzi z każdym wynikiem
Percentyl według liczby udzielonych odpowiedzi
Twoja historia wyników
Nie rozwiązałeś tego quizu